000 00870nam a2200217 i 4500
001 63110
003 ES-MaACL
005 20250402192741.0
007 t|
008 031128s1952 sp ||||1| spa d
100 1 _aFernández Rodríguez, Juan.
_950041
245 1 0 _aCurso de lengua inglesa /
_cJuan Fernández Rodríguez.
260 _aGijón :
_b[s.n.],
_c1952 (
_fGráficas Summa)
300 _a238 p. ;
_c21 cm.
650 4 _914282
_aLengua inglesa-
_vMétodos
852 _aES-MaACL
_jD-6487
_bR.32580
_bR.M.6080
_965500
_cSVI
_fSello en tinta azul de la Biblioteca del Ateneo de Madrid
_gAnotación manuscrita en cubierta: "15"
_zEn cubierta: "2.OCT.1952"
942 _2udc
_cMONOGRAFIA
999 _c63110
_d63110